Rating appeals (Record no. 116017)

MARC details
000 -LEADER
fixed length control field 02361cam a22003135a 4500
001 - CONTROL NUMBER
control field L159577
008 - FIXED-LENGTH DATA ELEMENTS--GENERAL INFORMATION
fixed length control field 090810s2017 xxk f 000 0 eng d
020 ## - INTERNATIONAL STANDARD BOOK NUMBER
International Standard Book Number 9781783211913
035 ## - SYSTEM CONTROL NUMBER
System control number (Sirsi) u159577
041 0# - LANGUAGE CODE
Language code of text/sound track or separate title eng
050 04 - LIBRARY OF CONGRESS CALL NUMBER
Classification number 336.21 $2 18
110 2# - MAIN ENTRY--CORPORATE NAME
Corporate name or jurisdiction name as entry element Royal Institution of Chartered Surveyors
9 (RLIN) 4900
245 00 - TITLE STATEMENT
Title Rating appeals
Remainder of title RICS guidance note
Medium [electronic resource]
250 ## - EDITION STATEMENT
Edition statement 4th ed.
260 ## - PUBLICATION, DISTRIBUTION, ETC.
Place of publication, distribution, etc. London
Name of publisher, distributor, etc. RICS
Date of publication, distribution, etc. 2017
300 ## - PHYSICAL DESCRIPTION
Extent 20p.
490 #0 - SERIES STATEMENT
Series statement RICS Guidance Note
505 2# - FORMATTED CONTENTS NOTE
Formatted contents note Acknowledgments -- RICS professional standards and guidance -- Introduction -- Part 1: how to make an appeal -- Part 2: appearing at valuation tribunals -- Appendix A: Appellant?s comparables ? rents and analyses -- Appendix B: Example of a valuation for rating purposes -- Appendix C: Statement of Truth and declarations to be included in an expert?s report or attached to a valuation -- Appendix D: Leading case on the role of expert witnesses
520 ## - SUMMARY, ETC.
Summary, etc. Offers best practice advice to surveyors who may be required to appear before Valuation Tribunals (VT) either on behalf of a ratepayer client or as, or on behalf of, a valuation officer (VO) when dealing with an appeal arising from a proposal to alter a rating list. Provides an outline of the rating appeal system in England and Wales, describing the various processes involved in making a proposal to alter a rating list. This guidance note should be applied in conjunction with the joint RICS/IRRV/RSA Rating consultancy code of practice, 4th edition, March 2017, which has been adopted as a mandatory professional statement of RICS.
520 ## - SUMMARY, ETC.
Summary, etc. Supersedes 3rd edition, effective from 1st April 2017.
520 ## - SUMMARY, ETC.
Summary, etc. This guidance note was in force from April 2017 to July 2019. For its time in force it should be applied in conjunction with the joint RICS/IRRV/RSA Rating consultancy code of practice, 4th edition, March 2017, which has been adopted as a mandatory professional statement of RICS.
521 ## - TARGET AUDIENCE NOTE
Target audience note Advanced
590 ## - LOCAL NOTE (RLIN)
Local note KA NTK
650 24 - SUBJECT ADDED ENTRY--TOPICAL TERM
Topical term or geographic name entry element RATING
651 #4 - SUBJECT ADDED ENTRY--GEOGRAPHIC NAME
Geographic name ENGLAND AND WALES
690 ## - LOCAL SUBJECT ADDED ENTRY--TOPICAL TERM (OCLC, RLIN)
Topical term or geographic name as entry element PROPERTY-COMMERCIAL PROPERTY-COMMERCIAL PROPERTY TAXATION-BUSINESS RATES
856 41 - ELECTRONIC LOCATION AND ACCESS
Uniform Resource Identifier <a href="https://www.isurv.com/downloads/file/7306/archive_rating_appeals_4th_edition_april_2017%E2%80%93july_2019">https://www.isurv.com/downloads/file/7306/archive_rating_appeals_4th_edition_april_2017%E2%80%93july_2019</a>
Public note Archived on i-Surv (Subscription required)
942 ## - ADDED ENTRY ELEMENTS (KOHA)
Suppress in OPAC 0
Source of classification or shelving scheme Dewey Decimal Classification
Holdings
Withdrawn status Lost status Source of classification or shelving scheme Damaged status Not for loan Home library Current library Shelving location Date acquired Total Checkouts Full call number Barcode Date last seen Copy number Price effective from Koha item type Public note
    Dewey Decimal Classification     Virtual Virtual Online 13/09/2017   iSurv 159577-2001 23/03/2023 1 06/08/2019 Book No longer in force